000 00673nam a2200229 4500
003 OSt
005 20240619004744.0
006 a
008 240619b |||||||| |||| 00| 0 eng d
020 _a0397584229
040 _aDWCL-HMN lib.
_cOC
082 _2Third edition
_aCirc. 616.07 P298 1999
245 _aPathology /
250 _aThird edition
260 _aPhiladelphia :
_bLippincott-Raven Publishers,
_cc1999.
300 _axii,
_b1664 p. col. : ill. ;
_c27 cm.
504 _aIncludes bibliographical references and index.
650 _a1. Pathology.
700 _aEmanuel Rubin
700 _aJohn L. Farber.
942 _2ddc
_n0
_cBK-CIRC
_eThird edition
_kCirc.
999 _c848
_d848